000 00635cam a2200205 i 4500
001 24456
003 Mx-PuUPA
005 20260122163911.0
008 140415s2025 mx gr 000 0 spa d
020 _a9786074512540
040 _cMx-PuUPA
041 _aspa
082 0 4 _axx
_bxx
_223
100 1 _aMENENDEZ CASTREJON, JUAN CARLOS
245 _aLenguaje incluyente y no sexista /
_cMiriam Lucía Ibarra Meléndez, Víctor Irving Ayala Cuevas
264 1 _aCiudad de México :
_bANUIES,
_c©2025
300 _a76 páginas ;
_c22 cm
942 _2ddc
_cLI
_hxx
_ixx
999 _c24456
_d24456